Využitie výpočtovej techniky v investičnej výstavbe záverečná práca postgraduálneho štúdia

Saved in:
Bibliographic Details
Main Author: Bebjak, Jozef
Corporate Author: Vysoká škola ekonomická v Bratislave
Other Authors: Dmitrenková, Zuzana
Format: Book
Language:Slovak
Published: Bratislava 1988
Tags: Add Tag
No Tags, Be the first to tag this record!

MARC

LEADER 00000nam a2200000 4500
001 c034301
005 20260108081151.7
041 0 |a slo 
044 |a SK 
245 1 0 |a Využitie výpočtovej techniky v investičnej výstavbe  |b záverečná práca postgraduálneho štúdia  |c Jozef Bebjak ; Ved. práce Zuzana Dmitrenková 
264 1 |a Bratislava  |c 1988 
300 |a 36 s. 
100 1 |a Bebjak, Jozef 
700 1 |a Dmitrenková, Zuzana 
710 2 |a Vysoká škola ekonomická v Bratislave